LIBRARY & INFORMATION CENTRE, KCAET, TAVANUR

ONLINE PUBLIC ACCESS CATALOGUE (OPAC)

ABC of relativity / (Record no. 10105)

MARC details
000 -LEADER
fixed length control field 00444cam a2200181ua 4500
041 ## - LANGUAGE CODE
Language code of text/sound track or separate title eng
082 ## - DEWEY DECIMAL CLASSIFICATION NUMBER
Classification number 530.11
Item number RUS/AB
100 ## - MAIN ENTRY--AUTHOR NAME
Personal name Russell, Bertrand .
245 ## - TITLE STATEMENT
Title ABC of relativity /
250 ## - EDITION STATEMENT
Edition statement 2 /
260 ## - PUBLICATION, DISTRIBUTION, ETC. (IMPRINT)
Place of publication London :
Name of publisher George Allen & Unwin Ltd ,
Year of publication 1959.
300 ## - PHYSICAL DESCRIPTION
Number of Pages 139 ; .
942 ## - ADDED ENTRY ELEMENTS (KOHA)
Koha item type Books
Holdings
Withdrawn status Lost status Damaged status Home library Current library Date acquired Full call number Accession Number Koha item type
      KAUAET KAUAET 07/04/2012 530.11 RUS/AB 4036 Books
free website counter